Descriptive ethnology of Bengal / (Record no. 9750)
[ view plain ]
| 000 -LEADER | |
|---|---|
| fixed length control field | 00958nam a2200265 a 4500 |
| 001 - CONTROL NUMBER | |
| JCCL Control Number | 9750 |
| 003 - CONTROL NUMBER IDENTIFIER | |
| JCCL marc code | BD-JhCC |
| 005 - DATE AND TIME OF LATEST TRANSACTION | |
| control field | 20180324182300.0 |
| 008 - FIXED-LENGTH DATA ELEMENTS--GENERAL INFORMATION | |
| fixed length control field | 890830s1872 ii af b s00110 eng d |
| 035 ## - SYSTEM CONTROL NUMBER | |
| system control number | (BD-JhCC)9750 |
| 035 ## - SYSTEM CONTROL NUMBER | |
| system control number | 1229458 |
| 040 ## - CATALOGING SOURCE | |
| Original cataloging agency | BD-JhCC |
| Transcribing agency | ANL |
| Modifying agency | BD-JhCC |
| 041 ## - LANGUAGE CODE | |
| Language code of Book | eng |
| 082 ## - DEWEY DECIMAL CLASSIFICATION NUMBER | |
| Classification number | 572.954 |
| Author mark and Year | DAL 1972 |
| 100 1# - MAIN ENTRY--PERSONAL NAME | |
| Personal name | Dalton, Edward Tuite. |
| 245 10 - TITLE STATEMENT | |
| Title | Descriptive ethnology of Bengal / |
| Statement of responsibility, etc | by Edward Tuite Dalton ; illustrated by lithograph portraits copied from photographs. |
| 260 ## - PUBLICATION, DISTRIBUTION, ETC. (IMPRINT) | |
| Place of publication, distribution, etc | Calcutta : |
| Name of publisher, distributor, etc | Office of the Supt. of Govt. Printing, |
| Date of publication, distribution, etc | 1872. |
| 300 ## - PHYSICAL DESCRIPTION | |
| Pagination | vi, 327 [ie. 340] p., [74] leaves : |
| Other physical details | ill. ; |
| Dimensions | 36 cm. |
| 500 ## - GENERAL NOTE | |
| General note | "Printed for the Government of Bengal under the direction of the Council of the Asiatic Society of Bengal" |
| 504 ## - BIBLIOGRAPHY, ETC. NOTE | |
| Bibliography, etc | Includes bibliographical references and index. |
| 650 #0 - SUBJECT ADDED ENTRY--TOPICAL TERM | |
| Topical term or geographic name as entry element | Ethnology |
| Geographic subdivision | India |
| -- | Bengal. |
| 710 2# - ADDED ENTRY--CORPORATE NAME | |
| Corporate name or jurisdiction name as entry element | Asiatic Society of Bengal. |
| 942 ## - ADDED ENTRY ELEMENTS (KOHA) | |
| Source of classification or shelving scheme | Dewey Decimal Classification |
| Koha item type | Books |
| Source of classification or shelving scheme | Damaged status | Not for loan | Home library | Current library | Shelving location | Date of accession | Cost, normal purchase price | Total Checkouts | Full call number | Barcode | Date last seen | Copy number | Koha item type |
|---|---|---|---|---|---|---|---|---|---|---|---|---|---|
| Dewey Decimal Classification | JCC Rouf Library | JCC Rouf Library | General Stacks | 03/24/2018 | 88.00 | 572.954 DAL 1972 | 12947 | 03/24/2018 | C-1 | Books |